Battle to Country - Click Quiz - Statistics

General Stats
  • This quiz has been taken 133 times
  • The average score is 17 of 24
Answer Stats
Hint Extra Hint Answer % Correct
Stalingrad 1942 - 1943 Russia
94%
Okinawa 1945 Japan
91%
Gettysburg 1863 United States
85%
Marathon 490 BC Greece
84%
Hastings 1066 United Kingdom
84%
Dien Bien Phu 1954 Vietnam
83%
Nanking 1937 China
82%
Jutland 1916 Denmark
82%
Leipzig 1813 Germany
80%
Waterloo 1815 Belgium
77%
Agincourt 1415 France
72%
Guadalcanal 1942 - 1943 Solomon Islands
70%
El Alamein 1942 Egypt
69%
Buena Vista 1847 Mexico
65%
Inchon 1950 South Korea
65%
Gallipoli 1915 - 1916 Turkey
65%
Austerlitz 1805 Czech Republic
57%
Trafalgar 1805 Spain
54%
Mafeking 1899 - 1900 South Africa
53%
Poltava 1709 Ukraine
53%
Diu 1509 India
50%
Badr 624 Saudi Arabia
50%
Cannae 216 BC Italy
47%
Zama 202 BC Tunisia
41%
No matching quizzes found
Score Distribution
Percent of People with Each Score
Percentile by Number Answered
Your Score History
You have not taken this quiz